La lucha armada latinoamericana en perspectiva (1959-1996)

Este artículo revisa el perfil de la historiografía de las luchas revolucionarias latinoamericanas contemporáneas con perspectiva regional. Su objetivo es explicar el perfil de esa producción, sus rasgos generales más sobresalientes, sus aportes y carencias. Se centra sobre todo en los itinerarios y...

Full description

Bibliographic Details
Main Author: Rey Tristan, Eduardo
Other Authors: Oikión Solano, Verónica
Format: Analitica de revista
Language:Spanish
Published: Buenos Aires: Centro de Estudios Históricos de los Trabajadores y las Izquierdas (CEHTI), 2016.
Subjects:

MARC

LEADER 00000cab a2200000 a 4500
008 160613s2016 sp 000 spa
952 |0 0  |1 0  |2 ddc  |4 0  |6 ARCHIVOS_9_16_000000000000000  |7 0  |8 COMP  |9 89484  |a BC  |b BC  |c Hemeroteca  |d 2018-03-13  |l 0  |o ARCHIVOS-9/16  |r 2018-03-13 00:00:00  |w 2018-03-13  |y REVA 
999 |c 50359  |d 50359 
040 |a UAHC_CL  |c UAHC_CL  |d UAHC_CL 
100 |a Rey Tristan, Eduardo  |9 2351 
245 1 0 |a La lucha armada latinoamericana en perspectiva (1959-1996)  |c Eduardo Rey Tristán y Verónica Oikión Solano. 
260 |a Buenos Aires:  |b Centro de Estudios Históricos de los Trabajadores y las Izquierdas (CEHTI),  |c 2016. 
300 |a p. 13-32 
500 |a En: Archivos de historia del movimiento obrero y la izquierda. Año VI, no. 9, septiembre 2016. pp. 13-32. ISSN: 2313-9749. 
520 |a Este artículo revisa el perfil de la historiografía de las luchas revolucionarias latinoamericanas contemporáneas con perspectiva regional. Su objetivo es explicar el perfil de esa producción, sus rasgos generales más sobresalientes, sus aportes y carencias. Se centra sobre todo en los itinerarios y las interpretaciones globales a través de las cuales construir marcos explicativos para esa producción, a fin de identificar momentos, tendencias y corrientes en el interés por la temática. Y concluye haciendo referencia a las líneas de investigación que se estiman más promisorias en la perspectiva regional abordada. 
650 0 |9 2353  |a Guerrillas  |z América Latina 
650 0 |9 2354  |a  Socialismo  |z América latina 
700 |9 2352  |a Oikión Solano, Verónica 
773 |t Archivos de historia del movimiento obrero y la izquierda 
900 |a ARCHIVOS-9/16 
942 |c REVA  |2 ddc